ბათუმის შოთა რუსთაველის სახელმწიფო უნივერსიტეტის ბიბლიოთეკა

ციცერონი და რომის აზიური პოლიტიკა / (ბიბ.ჩანაწერი № 55481)

000 -ლიდერი
ფიქსირებული სიგრძის საკონტროლო ველი 01383nam a2200241Ia 4500
001 - საკონტროლო ნომერი
საკონტროლო ველი 22563
003 - საკონტროლო ნომრის იდენტიფიკატორი
საკონტროლო ველი GE_BSU
005 - ბოლო ოპერაციის თარიღი და დრო
საკონტროლო ველი 20210502222341.0
008 - ფიქსირებული სიგრძის მონაცემთა ელემენტები - ზოგადი ინფორმაცია
ფიქსირებული სიგრძის საკონტროლო ველი 181216s1989||||ge |||||||||||||| ||geo||
040 ## - კატალოგიზაციის წყარო
Transcribing agency GE_BSU
041 ## - ენის კოდი
Language code of text/sound track or separate title geo
080 ## - უნივერსალური ათობითი კლასიფიკაციის ინდექსი
Universal Decimal Classification number 94(100) ს-94
100 ## - მთავარი ჩანაწერი - პიროვნების სახელი
Personal name სურგულაძე, კახაბერ
9 (RLIN) 11735
245 ## - ცნობა სათაურის შესახებ
Title ციცერონი და რომის აზიური პოლიტიკა /
Statement of responsibility, etc კახაბერ სურგულაძე; სამეცნიერო ხელმძღვანელი ლ. სანიკიძე; თბილისის ივანე ჯავახიშვილის სახელობის სახელმწიფო უნივერსიტეტი.
264 ## - წარმოების, გამოცემის, დისტრიბუციის და სხვა ცნობები
გამოცემის, წარმოების, დისტრიბუციის... ადგილი თბილისი,
გამოცემის, წარმოების, დისტრიბუციის... თარიღი 1989.
300 ## - ფიზიკური აღწერა
Extent 164 გვ. ;
Other physical details 30 სმ.
653 ## - INDEX TERM--UNCONTROLLED
Uncontrolled term ისტორია
653 ## - INDEX TERM--UNCONTROLLED
Uncontrolled term დისერტაცია
653 ## - INDEX TERM--UNCONTROLLED
Uncontrolled term ციცერონი და რომის აზიური პოლიტიკა
700 ## - ADDED ENTRY--PERSONAL NAME
Personal name სანიკიძე, ლ.
Relator term სამეცნიერო ხელმძღვანელი
9 (RLIN) 476
710 ## - ADDED ENTRY--CORPORATE NAME
Corporate name or jurisdiction name as entry element თბილისის ივანე ჯავახიშვილის სახელობის სახელმწიფო უნივერსიტეტი.
9 (RLIN) 9399
942 ## - ADDED ENTRY ELEMENTS (KOHA)
Koha item type წიგნი
Source of classification or shelving scheme
ეგზემპლარები
ჩამოწერის სტატუსი დაკარგული ეგზემპლარის სტატუსი კლასიფიკაციის წყარო ან თაროზე გაწყობის სქემა დაზიანების სტატუსი არ გაიცემა მუდმივი მდებარეობა (დაცვის ადგილი) ამჟამინდელი ადგილსამყოფელი შეძენის თარიღი სრული შენახვის შიფრი შტრიხკოდი ბოლო ოპერაციის თარიღი ეგზემპლარის მიმდევრობითი ნომერი (კეტერი?) ფასის ძალაში შესვლის თარიღი ეგზემპლარის სახეობა საჯარო შენიშვნა
        შიდა ფონდი ბათუმის შოთა რუსთაველის სახელმწიფო უნივერსიტეტის მთავარი ბიბლიოთეკა ბათუმის შოთა რუსთაველის სახელმწიფო უნივერსიტეტის მთავარი ბიბლიოთეკა 2018-12-17 94(100) ს-94 78 დისერტ 2018-12-17 78 2018-12-17 დისერტაცია